|
|
|
|
| LEADER |
01940nam a2200457 a 4500 |
| 001 |
nkc20132479865 |
| 003 |
CZ PrNK |
| 005 |
20181206133131.0 |
| 007 |
ta |
| 008 |
130725s2013 xr a e p 001 0 cze |
| 015 |
|
|
|a cnb002479865
|
| 020 |
|
|
|a 978-80-262-0534-0
|q (brož.)
|
| 035 |
|
|
|a (OCoLC)862712484
|
| 040 |
|
|
|a ABA001
|b cze
|d OLA001
|
| 041 |
1 |
|
|a cze
|h eng
|
| 072 |
|
7 |
|a 316.4/.7
|x Sociální interakce. Sociální komunikace
|2 Konspekt
|9 18
|
| 072 |
|
7 |
|a 37.016
|x Učební osnovy. Vyučovací předměty. Učebnice
|2 Konspekt
|9 22
|
| 080 |
|
|
|a 316.6
|2 MRF
|
| 080 |
|
|
|a (075)
|2 MRF
|
| 100 |
1 |
|
|a Hayes, Nicky,
|d 1953-
|7 xx0005488
|4 aut
|
| 245 |
1 |
0 |
|a Základy sociální psychologie /
|c Nicky Hayesová ; [z anglického originálu ... přeložila Irena Štěpaníková]
|
| 250 |
|
|
|a Vyd. 7.
|
| 260 |
|
|
|a Praha :
|b Portál,
|c 2013
|
| 300 |
|
|
|a 166 s. :
|b il. ;
|c 20 cm
|
| 500 |
|
|
|a Terminologický slovník
|
| 504 |
|
|
|a Obsahuje bibliografii a rejstříky
|
| 650 |
0 |
7 |
|a sociální psychologie
|7 ph116212
|2 czenas
|
| 650 |
0 |
9 |
|a social psychology
|2 eczenas
|
| 655 |
|
7 |
|a učebnice
|7 fd133770
|2 czenas
|
| 655 |
|
9 |
|a textbooks
|2 eczenas
|
| 700 |
1 |
|
|a Štěpaníková, Irena
|7 ola2004219930
|4 trl
|
| 765 |
0 |
|
|t Principles of social psychology
|9 Česky
|
| 910 |
2 |
|
|a BOA001
|b 2-1309.830
|
| 990 |
|
|
|a BK
|
| 995 |
|
|
|a 01
|
| 991 |
|
|
|b 201310
|c NOV
|e n
|
| 996 |
6 |
|
|b 2610563126
|c 2-1309.830
|l MZK
|r Sklad / do 1 hodiny
|n 39
|p p.v.
|w 001363692
|u 000010
|a 1
|e BOA001
|j MZK50
|s P
|
| 996 |
6 |
|
|b 2610572332
|c 2-1309.830
|l MZK
|r HSS 4p
|n 0
|p kup
|h 316.4/.7 HAY
|w 001363692
|u 000020
|a 0
|e BOA001
|j MZK50
|s P
|
| 996 |
7 |
|
|b 2610572333
|c 2-1309.830
|l Vol.výběr
|r VV 0p
|n 51
|p kup
|h 316.4/.7 HAY
|w 001363692
|u 000030
|a 0
|e BOA001
|j MZK50
|s A
|
| 996 |
7 |
|
|b 2610572334
|c 2-1309.830
|l Vol.výběr
|r VV 0p
|n 51
|p kup
|h 316.4/.7 HAY
|w 001363692
|u 000040
|a 0
|e BOA001
|j MZK50
|s A
|
| 996 |
7 |
|
|b 2610764370
|c 2-1309.830
|l Vol.výběr
|r VV 0p
|n 22
|p kup
|h 316.4/.7 HAY
|w 001363692
|u 000050
|a 0
|e BOA001
|j MZK50
|s A
|